Quiz Overwatch (1 & 2) 2 - Statistiques

Statistiques générales
  • Ce quiz a été pris 502 fois
  • Le résultat moyen est 9 sur 15
Statistiques - réponses
Question Réponse % Correct
Parmi ces héros, lequel n'a jamais été rework ? Tracer
89%
Qu'est-ce que Hanzo essaie de retrouver après avoir "tué" son frère ? Son honneur
82%
Symmetra est une ... Architecte
80%
Grâce, ou plutôt à cause de qui, Faucheur doit-il ses pouvoirs ? Moira
75%
Quel héros n'était pas encore ajouté à Overwatch 1 à sa sortie ? Orisa
74%
Quel héros n'a pas d'animal de compagnie ? Chopper
66%
Sombra se bat pour... Ses propres intérêts
65%
Quel héros veut aller en mission à Hawaii ? Ana
63%
Illari est tellement puissante qu'elle... a accidentellement tué tous ses amis et proches
60%
Quel héros ne faisait pas partie d'Overwatch avant le rappel de Winston ? (dans le lore du jeu) Lucio
54%
Quelle héroïne incarnait Lilith dans le mode de jeu PVE "Les Épreuves de Sanctuaire" (boss finale) Moira
54%
Quels sont les 4 héros jouables dans la mission PVE "Le Titan" (qui a lieu à Göteborg) ? Reinhardt - Torbjörn - Bastion - Brigitte
54%
Pour la première célébration de la Pride (Marche des Fiertés) sur Overwatch, quelle carte a eu droit à une version spéciale ? Midtown
39%
Quelle réplique de Sombra est une référence à Matrix ? Je connais le Kung-fu !
34%
Dans quel pays se trouvait le quartier général d'Overwatch qui a été détruit entraînant la mort de Jack Morrison ? Suisse
23%
Aucun quiz correspondant
Distribution des résultats
% des personnes avec chaque résultat
Percentile par nombre de réponses
Votre historique - résultats
Vous n’avez pas pris ce quiz